Anatomy of the novella : the European tale collection from Boccaccio and = Anatomía de la novela: la colección de cuentos de Boccaccio y europeos /
Gardado en:
| Autor Principal: | |
|---|---|
| Formato: | Desconocido |
| Idioma: | English |
| Publicado: |
New York :
New York University Press,
1977.
|
| Materias: | |
| Etiquetas: |
Engadir etiqueta
Sen Etiquetas, Sexa o primeiro en etiquetar este rexistro!
|
MARC
| LEADER | 000000000a22000000004500 | ||
|---|---|---|---|
| 001 | 013836 | ||
| 020 | |a 0814713696 | ||
| 041 | 0 | |a eng | |
| 082 | 0 | 4 | |a 809.3 |b C626a |
| 100 | 1 | |a Clements, Robert J. |c (Robert John), |d 1912-1993 | |
| 245 | 1 | 0 | |a Anatomy of the novella : |b the European tale collection from Boccaccio and = Anatomía de la novela: la colección de cuentos de Boccaccio y europeos / |c Robert J. Clements. |
| 246 | 3 | 1 | |a Anatomía de la novela: la colección de cuentos de Boccaccio y europeos |
| 260 | 1 | |a New York : |b New York University Press, |c 1977. | |
| 300 | |a xii, 254 páginas : |b ilustraciones ; |c 24 cm. | ||
| 650 | 4 | |a LITERATURA MEDIEVAL | |
| 650 | 4 | |a HISTORIA Y CRITICA | |
| 650 | 4 | |a LITERATURA EUROPEA | |
| 650 | 4 | |a RENACIMIENTO, 1450-1600 | |
| 650 | 4 | |a NOVELA | |
| 500 | |a Colección George Yúdice | ||
| 999 | |c 19749 |d 19749 | ||
| 942 | |c BK |h 809.3 C626a |2 z | ||



